000 00371pab a2200133 454500
008 180718b2002 xxu||||| |||| 00| 0 eng d
100 _aWaltz, Susan
245 _aReclaiming and rebuilding the history of the Universal Declaration of Human Rights
260 _c2002
300 _ap.437-48.
650 _aHuman rights
773 _aThird World Quarterly
909 _a53219
999 _c53219
_d53219